| 000 | 01277cam a22003015a 4500 | ||
|---|---|---|---|
| 001 | L145095 | ||
| 002 | 17391 | ||
| 008 | 080905s2008 xxkae f hu 001 0 eng d | ||
| 020 | _a9780750686174 | ||
| 035 | _a(Sirsi) u145095 | ||
| 041 | 0 | _aeng | |
| 050 | 0 | 4 | _a720 $2 22 |
| 100 | 1 | _aBaden-Powell, Charlotte | |
| 245 | 0 | 0 | _aArchitect's pocket book |
| 250 | _a3rd ed. | ||
| 260 |
_aOxford _bArchitectural Press $2 008 |
||
| 300 |
_axii, 340 p. _c19 cm. |
||
| 350 | _a17.99 | ||
| 505 | 2 | _aGeneral information -- Planning -- Structures -- Services -- Building elements -- Materials -- Addresses/Sources -- Bibliography -- Index | |
| 520 | _aThe third edition of this pocket book contains information often needed on a daily basis, which comes from a variety of sources not always readily available. Contains updates to costs, law, insulation and computer aided design for architects. Content includes data about planning, structure, services, building elements, materials and directories with mail and web site addresses. | ||
| 520 | _aSupersedes 2nd ed. ISBN 0750647647 | ||
| 590 | _aKA | ||
| 651 | 4 |
_aUnited Kingdom _y |
|
| 690 | _aBUILT ENVIRONMENT-CONSTRUCTION DESIGN-ARCHITECTURAL DESIGN | ||
| 700 | 1 | _aHetreed, Jonathan | |
| 700 | 1 | _aRoss, Ann | |
| 942 | _n0 | ||
| 999 |
_c108695 _d108695 |
||